NLSUI OPAC header image

Does capitalism have a future? / (Record no. 112549)

MARC details
000 -LEADER
fixed length control field 01086cam a2200253 i 4500
005 - DATE AND TIME OF LATEST TRANSACTION
control field 20260423113731.0
008 - FIXED-LENGTH DATA ELEMENTS--GENERAL INFORMATION
fixed length control field 130603s2013 enk b 000 0 eng
020 ## - INTERNATIONAL STANDARD BOOK NUMBER
International Standard Book Number 9780199330850 (pbk)
082 ## - DEWEY DECIMAL CLASSIFICATION NUMBER
Classification number 330.122 WAL
100 1# - MAIN ENTRY--PERSONAL NAME
Personal name Wallerstein, Immanuel Maurice
245 10 - TITLE STATEMENT
Title Does capitalism have a future? /
Statement of responsibility, etc. Immanuel Wallerstein, et al.
264 #1 - PRODUCTION, PUBLICATION, DISTRIBUTION, MANUFACTURE, AND COPYRIGHT NOTICE
Place of production, publication, distribution, manufacture New York :
Name of producer, publisher, distributor, manufacturer Oxford University Press,
Date of production, publication, distribution, manufacture, or copyright notice 2013
300 ## - PHYSICAL DESCRIPTION
Extent 192 p. ;
Dimensions 24 cm
365 ## - TRADE PRICE
Price amount Rs. 2002.00
505 8# - FORMATTED CONTENTS NOTE
Formatted contents note Machine generated contents note: -- THE NEXT BIG TURN -- STRUCTURAL CRISIS, OR WHY CAPITALISTS MAY NO LONGER FIND CAPITALISM REWARDING -- TECHNOLOGICAL DISPLACEMENT OF MIDDLE-CLASS WORK AND THE LONG-TERM CRISIS OF CAPITALISM: NO MORE ESCAPES -- THE END MAY BE NIGH, BUT FOR WHOM? -- WHAT COMMUNISM WAS -- WHAT THREATENS CAPITALISM NOW? -- GETTING REAL.
650 #0 - SUBJECT ADDED ENTRY--TOPICAL TERM
Topical term or geographic name entry element Capitalism.
650 #0 - SUBJECT ADDED ENTRY--TOPICAL TERM
Topical term or geographic name entry element Middle class.
650 #0 - SUBJECT ADDED ENTRY--TOPICAL TERM
Topical term or geographic name entry element Technological innovations
General subdivision Forecasting.
700 ## - ADDED ENTRY--PERSONAL NAME
Personal name Collins, Randall
700 ## - ADDED ENTRY--PERSONAL NAME
Personal name Mann, Michael
700 ## - ADDED ENTRY--PERSONAL NAME
Personal name Derluguian, Georgi
700 ## - ADDED ENTRY--PERSONAL NAME
Personal name Calhoun, Craig
942 ## - ADDED ENTRY ELEMENTS (KOHA)
Source of classification or shelving scheme Dewey Decimal Classification
Koha item type BOOKs
Holdings
Withdrawn status Lost status Source of classification or shelving scheme Materials specified (bound volume or other part) Damaged status Not for loan Home library Current library Shelving location Date acquired Source of acquisition Coded location qualifier Cost, normal purchase price Total Checkouts Full call number Barcode Date last seen Price effective from Koha item type
    Dewey Decimal Classification PB     . . General Stacks 29.01.2019 Purchased MPPSECTION 2002.00   330.122 WAL 36972 29.01.2019 29.01.2019 BOOKs